Некоторые обратные кинематические задачи сейсмологии. Теория, эксперименты, результаты

Bibliografiset tiedot
Päätekijä: Бурмин В. Ю. Валерий Юрьевич
Yhteenveto:В монографии рассмотрены три блока задач. Первый блок связан с выводом формул обращения разрывных годографов рефрагированных сейсмических волн (общий случай), распространяющихся в вертикально-неоднородных упругих изотропных средах. Рассмотрено численное решение многомерной обратной кинематической задачи сейсмики (задачи сейсмической томографии). Во втором блоке рассмотрены задачи, связанные с определением координат гипоцентров близких и далеких землетрясений. Предложен новый устойчивый подход к решению этих задач, основанный на минимизации мажорантной оценки функционала невязки времен. Третий блок посвящен рассмотрению задач оптимизации сетей сейсмологических и акустических наблюдений как на поверхности Земли, так и на объектах цилиндрической формы. Задача оптимизации рассмотрена в рамках нестатистического подхода, на основе критерия С-оптимальности. Критерий С-оптимальности позволяет решать линейные задачи планирования эксперимента, независимо от характера погрешностей в исходных данных и матрицы плана, случайных или систематических. Для студентов, аспирантов и научных сотрудников геофизических специальностей.
Kieli:venäjä
Julkaistu: Москва, Наука, 2019
Aiheet:
Aineistotyyppi: MixedMaterials Kirja
KOHA link:https://koha.lib.tpu.ru/cgi-bin/koha/opac-detail.pl?biblionumber=345020

MARC

LEADER 00000nam0a2200000 4500
001 345020
005 20231102005727.0
010 |a 9785020402386 
035 |a (RuTPU)RU\TPU\book\376819 
090 |a 345020 
100 |a 20200707d2019 k y0rusy50 ca 
101 0 |a rus 
102 |a RU 
105 |a a z 001zy 
200 1 |a Некоторые обратные кинематические задачи сейсмологии. Теория, эксперименты, результаты  |f В. Ю. Бурмин 
210 |a Москва  |c Наука  |d 2019 
215 |a 277 с.  |c ил. 
320 |a Библиогр.: с. 258-277 
330 |a В монографии рассмотрены три блока задач. Первый блок связан с выводом формул обращения разрывных годографов рефрагированных сейсмических волн (общий случай), распространяющихся в вертикально-неоднородных упругих изотропных средах. Рассмотрено численное решение многомерной обратной кинематической задачи сейсмики (задачи сейсмической томографии). Во втором блоке рассмотрены задачи, связанные с определением координат гипоцентров близких и далеких землетрясений. Предложен новый устойчивый подход к решению этих задач, основанный на минимизации мажорантной оценки функционала невязки времен. Третий блок посвящен рассмотрению задач оптимизации сетей сейсмологических и акустических наблюдений как на поверхности Земли, так и на объектах цилиндрической формы. Задача оптимизации рассмотрена в рамках нестатистического подхода, на основе критерия С-оптимальности. Критерий С-оптимальности позволяет решать линейные задачи планирования эксперимента, независимо от характера погрешностей в исходных данных и матрицы плана, случайных или систематических. Для студентов, аспирантов и научных сотрудников геофизических специальностей. 
606 1 |a Сейсмология  |2 stltpush  |3 (RuTPU)RU\TPU\subj\54391  |9 72548 
610 1 |a обратные кинематические задачи 
610 1 |a сейсмика 
610 1 |a сейсмические волны 
610 1 |a годографы 
610 1 |a Земля 
610 1 |a Луна 
610 1 |a строение 
610 1 |a сейсмические данные 
610 1 |a землетрясения 
610 1 |a гипоцентры 
610 1 |a координаты 
610 1 |a Крым 
610 1 |a Черное море 
610 1 |a Кавказ 
610 1 |a сейсмологические сети 
610 1 |a акустические сети 
675 |a 550.34  |v 4 
700 1 |a Бурмин  |b В. Ю.  |g Валерий Юрьевич 
801 1 |a RU  |b 63413507  |c 20200707 
801 2 |a RU  |b 63413507  |c 20200910  |g RCR 
942 |c BK